| Tag |
First Indicator |
Second Indicator |
Subfields |
| LEADER |
00000cas a2200000 a 4500 |
| 001 |
in00000990332 |
| 005 |
20150927152306.0 |
| 008 |
900403c19uu9999dcuuu f0uuu 0eng d |
| 010 |
|
|
|a (DG91057144
|a sn 90014267
|
| 035 |
|
|
|a (OCoLC)21317955
|
| 035 |
|
|
|9 AEX7020AM
|
| 037 |
|
|
|b Arts in Education Program, Rm. 602, National Endowment for the Arts, Nancy Hanks Center, 1100 Pennsylvania Ave., N.W., Washington, D.C. 20506
|
| 040 |
|
|
|d IUL
|d GPO
|d DLC
|d UtOrBLW
|
| 042 |
|
|
|a lcd
|
| 043 |
|
|
|a n-us---
|
| 074 |
|
|
|a 831-B-2
|
| 086 |
0 |
|
|a NF 2.8/2-27:
|
| 090 |
|
|
|a NX398
|b .A788
|
| 245 |
0 |
0 |
|a Arts in education.
|p Special projects /
|c National Endowment for the Arts.
|
| 246 |
1 |
0 |
|a Special projects
|
| 264 |
|
1 |
|a Washington, D.C. :
|b The Endowment.
|
| 300 |
|
|
|a volumes ;
|c 28 cm.
|
| 336 |
|
|
|a text
|b txt
|2 rdacontent
|
| 337 |
|
|
|a unmediated
|b n
|2 rdamedia
|
| 338 |
|
|
|a volume
|b nc
|2 rdacarrier
|
| 500 |
|
|
|a At head of title: Application guidelines.
|
| 500 |
|
|
|a Description based on: Fiscal year 1991; title from cover.
|
| 650 |
|
0 |
|a Arts
|x Scholarships, fellowships, etc.
|z United States
|x Periodicals.
|
| 650 |
|
0 |
|a Federal aid to the arts
|z United States
|x Periodicals.
|
| 710 |
2 |
|
|a National Endowment for the Arts.
|
| 999 |
|
|
|a MARS
|
| 999 |
f |
f |
|s c924c428-a7c9-3bc8-8ca5-1cb7e9d5afd8
|i 2ebadd6a-bfd8-3289-b8a1-b26f64286488
|t 0
|
| 952 |
f |
f |
|p normal
|a Texas A&M University
|b College Station
|c Sterling C. Evans Library
|d Evans: US Documents (Annex 5th floor)
|t 0
|e NF 2.8/2-27:
|h Superintendent of Documents classification
|i unmediated -- volume
|l 1992
|m A14818935672
|
| 998 |
f |
f |
|a NF 2.8/2-27:
|t 0
|l Evans: US Documents (Annex 5th floor)
|